000 00504nam a2200217Ia 4500
003 OSt
005 20221005123249.0
006 a|||||r|||| 00| 0
007 ta
008 221004b |||||||| |||| 00| 0 snd d
024 _a6793
037 _cTextual
040 _aCRL
_cCRL
_bsnd
041 _2snd
_asnd
082 _aQ2:24, 1593K0
100 _aMotwani
245 0 _aKuth upnisad
260 _c1960
942 _hQ2:24, 1593K0
_cTEXL
_2cc
999 _c1046875
_d1046875